[Event "DEM U16w 2021"]
[Site "Willingen GER"]
[Date "2021.08.24"]
[Round "3"]
[White "Wagner, Margarethe"]
[Black "Yue, Qizhou"]
[Result "0-1"]
[Termination "normal"]
[Board "2"]
[WhiteElo "1832"]
[BlackElo "1798"]
[WhiteClock "00:01:01"]
[BlackClock "00:44:14"]
[PlyCount "114"]
[WhiteFideId "16236947"]
[BlackFideId "16273800"]
[EventCountry "GER"]
[EventRounds "9"]
[EventType "swiss"]
[EventDate "2021.08.22"]

1. e4 {[%clk 1:30:57]} c5 {[%clk 1:30:54]} 2. Nf3 {[%clk 1:31:21]} e6 {[%clk
1:31:17]} 3. d4 {[%clk 1:31:41]} cxd4 {[%clk 1:31:41]} 4. Nxd4 {[%clk 1:32:06]}
a6 {[%clk 1:32:05]} 5. Bd3 {[%clk 1:31:32]} Bc5 {[%clk 1:31:59]} 6. Nb3 {[%clk
1:31:20]} Ba7 {[%clk 1:32:11]} 7. c4 {[%clk 1:23:59]} Nc6 {[%clk 1:31:33]} 8.
Nc3 {[%clk 1:22:05]} Nf6 {[%clk 1:31:16]} 9. O-O {[%clk 1:20:41]} Ne5 {[%clk
1:30:44]} 10. Be2 {[%clk 1:18:40]} Qc7 {[%clk 1:20:46]} 11. Nd2 {[%clk
1:05:48]} h5 {[%clk 1:15:24]} 12. b3 {[%clk 0:47:44]} Nfg4 {[%clk 1:08:14]} 13.
Bxg4 {[%clk 0:38:56]} hxg4 {[%clk 1:07:39]} 14. g3 {[%clk 0:36:55]} Qa5 {[%clk
1:02:56]} 15. Qc2 {[%clk 0:27:04]} Nc6 {[%clk 0:59:13]} 16. Ne2 {[%clk
0:21:57]} Qh5 {[%clk 0:56:48]} 17. h4 {[%clk 0:21:32]} gxh3 {[%clk 0:52:36]}
18. Nf4 {[%clk 0:20:14]} h2+ {[%clk 0:50:24]} 19. Kh1 {[%clk 0:20:39]} Qg4
{[%clk 0:49:41]} 20. Bb2 {[%clk 0:17:07]} Rh6 {[%clk 0:38:21]} 21. Qd1 {[%clk
0:16:16]} Qxd1 {[%clk 0:34:33]} 22. Raxd1 {[%clk 0:16:38]} g5 {[%clk 0:34:12]}
23. Nd3 {[%clk 0:15:42]} b5 {[%clk 0:29:28]} 24. c5 {[%clk 0:13:55]} Bb7 {[%clk
0:27:45]} 25. Rde1 {[%clk 0:09:52]} Ke7 {[%clk 0:26:32]} 26. Kg2 {[%clk
0:09:18]} a5 {[%clk 0:26:09]} 27. Rh1 {[%clk 0:07:58]} Nb4 {[%clk 0:25:34]} 28.
Nxb4 {[%clk 0:06:09]} axb4 {[%clk 0:25:57]} 29. Bd4 {[%clk 0:04:14]} Bb8 {[%clk
0:23:01]} 30. Be3 {[%clk 0:03:03]} f6 {[%clk 0:22:37]} 31. Rxh2 {[%clk
0:02:17]} Rxh2+ {[%clk 0:22:54]} 32. Kxh2 {[%clk 0:02:43]} Rxa2 {[%clk
0:22:51]} 33. Kh3 {[%clk 0:02:30]} Kf7 {[%clk 0:21:12]} 34. f4 {[%clk 0:01:56]}
gxf4 {[%clk 0:19:11]} 35. gxf4 {[%clk 0:02:20]} Ba7 {[%clk 0:19:23]} 36. Kg4
{[%clk 0:01:42]} Bxc5 {[%clk 0:17:49]} 37. Bxc5 {[%clk 0:01:51]} Rxd2 {[%clk
0:18:12]} 38. Bxb4 {[%clk 0:02:09]} Rd4 {[%clk 0:18:07]} 39. Bc5 {[%clk
0:02:08]} Rxe4 {[%clk 0:17:45]} 40. Rxe4 {[%clk 0:01:41]} Bxe4 {[%clk 0:17:17]}
41. Bd6 {[%clk 0:27:41]} Bc2 {[%clk 0:43:56]} 42. b4 {[%clk 0:27:13]} Kg6
{[%clk 0:44:15]} 43. Kf3 {[%clk 0:22:13]} Kf5 {[%clk 0:44:06]} 44. Ke3 {[%clk
0:20:05]} e5 {[%clk 0:44:11]} 45. fxe5 {[%clk 0:15:32]} fxe5 {[%clk 0:43:51]}
46. Bc5 {[%clk 0:10:32]} d5 {[%clk 0:43:31]} 47. Kd2 {[%clk 0:10:16]} Bb3
{[%clk 0:43:31]} 48. Ke3 {[%clk 0:09:01]} d4+ {[%clk 0:42:29]} 49. Kd3 {[%clk
0:07:50]} Bc4+ {[%clk 0:42:44]} 50. Kc2 {[%clk 0:07:14]} Ke4 {[%clk 0:42:46]}
51. Kd2 {[%clk 0:06:26]} Kd5 {[%clk 0:42:55]} 52. Kc2 {[%clk 0:04:39]} e4
{[%clk 0:43:08]} 53. Kd2 {[%clk 0:03:12]} e3+ {[%clk 0:43:23]} 54. Kd1 {[%clk
0:01:46]} Ke4 {[%clk 0:43:39]} 55. Bf8 {[%clk 0:01:25]} d3 {[%clk 0:43:44]} 56.
Bc5 {[%clk 0:01:01]} Bb3+ {[%clk 0:44:00]} 57. Ke1 {[%clk 0:01:01]} d2+ {[%clk
0:44:14]} 0-1

[Event "DEM U16w 2021"]
[Site "Willingen GER"]
[Date "2021.08.24"]
[Round "3"]
[White "Becker, Linda"]
[Black "Reuter, Elisa"]
[Result "1/2-1/2"]
[Termination "normal"]
[Board "3"]
[BlackTitle "WCM"]
[WhiteElo "1674"]
[BlackElo "1845"]
[WhiteClock "00:23:25"]
[BlackClock "00:10:49"]
[PlyCount "45"]
[WhiteFideId "16244753"]
[BlackFideId "12995444"]
[EventCountry "GER"]
[EventRounds "9"]
[EventType "swiss"]
[EventDate "2021.08.22"]

1. e4 {[%clk 1:30:57]} c5 {[%clk 1:30:58]} 2. b3 {[%clk 1:31:20]} Nc6 {[%clk
1:30:17]} 3. Bb2 {[%clk 1:30:50]} d6 {[%clk 1:28:38]} 4. Bb5 {[%clk 1:29:34]}
Bd7 {[%clk 1:26:07]} 5. f4 {[%clk 1:27:12]} a6 {[%clk 1:17:36]} 6. Bxc6 {[%clk
1:22:17]} Bxc6 {[%clk 1:18:02]} 7. Nc3 {[%clk 1:19:10]} e6 {[%clk 1:17:02]} 8.
Nf3 {[%clk 1:18:05]} Nf6 {[%clk 1:12:40]} 9. Qe2 {[%clk 1:14:12]} Qc7 {[%clk
1:07:12]} 10. d4 {[%clk 1:09:12]} cxd4 {[%clk 1:05:47]} 11. Nxd4 {[%clk
1:09:10]} Be7 {[%clk 1:04:00]} 12. O-O-O {[%clk 1:07:32]} O-O-O {[%clk
1:03:08]} 13. Kb1 {[%clk 1:03:54]} Rhg8 {[%clk 0:53:12]} 14. Rhf1 {[%clk
0:55:36]} g6 {[%clk 0:36:15]} 15. h3 {[%clk 0:51:22]} Bd7 {[%clk 0:24:21]} 16.
e5 {[%clk 0:38:51]} Ne8 {[%clk 0:22:09]} 17. Ne4 {[%clk 0:37:14]} d5 {[%clk
0:20:34]} 18. Nf2 {[%clk 0:36:14]} Kb8 {[%clk 0:19:00]} 19. g4 {[%clk 0:34:27]}
Qb6 {[%clk 0:15:31]} 20. Rh1 {[%clk 0:31:11]} Nc7 {[%clk 0:13:13]} 21. g5
{[%clk 0:28:21]} Nb5 {[%clk 0:12:26]} 22. Ng4 {[%clk 0:25:54]} Rc8 {[%clk
0:10:49]} 23. Nxb5 {[%clk 0:23:25]} 1/2-1/2

[Event "DEM U16w 2021"]
[Site "Willingen GER"]
[Date "2021.08.24"]
[Round "3"]
[White "Doll, Rebecca"]
[Black "Werner, Rosalie"]
[Result "1/2-1/2"]
[Termination "normal"]
[Board "4"]
[WhiteElo "1803"]
[BlackElo "1741"]
[WhiteClock "00:00:44"]
[BlackClock "00:19:16"]
[PlyCount "82"]
[WhiteFideId "16236890"]
[BlackFideId "16223748"]
[EventCountry "GER"]
[EventRounds "9"]
[EventType "swiss"]
[EventDate "2021.08.22"]

1. e4 {[%clk 1:30:54]} e6 {[%clk 1:30:55]} 2. d4 {[%clk 1:30:58]} d5 {[%clk
1:31:19]} 3. Nd2 {[%clk 1:31:19]} Nf6 {[%clk 1:31:42]} 4. e5 {[%clk 1:31:44]}
Nfd7 {[%clk 1:32:08]} 5. Bd3 {[%clk 1:32:04]} c5 {[%clk 1:32:32]} 6. c3 {[%clk
1:32:29]} Nc6 {[%clk 1:32:58]} 7. Ne2 {[%clk 1:32:47]} cxd4 {[%clk 1:33:23]} 8.
cxd4 {[%clk 1:33:11]} f6 {[%clk 1:33:49]} 9. exf6 {[%clk 1:33:28]} Nxf6 {[%clk
1:34:12]} 10. O-O {[%clk 1:33:41]} Bd6 {[%clk 1:34:35]} 11. Nf3 {[%clk
1:33:24]} O-O {[%clk 1:34:58]} 12. Re1 {[%clk 1:32:57]} Bd7 {[%clk 1:31:00]}
13. Nc3 {[%clk 1:22:59]} a6 {[%clk 1:29:05]} 14. h3 {[%clk 1:19:18]} Qc7 {[%clk
1:18:04]} 15. Bd2 {[%clk 1:04:30]} Rae8 {[%clk 1:05:43]} 16. Rc1 {[%clk
1:02:05]} Re7 {[%clk 0:59:53]} 17. Bg5 {[%clk 0:55:55]} Qb8 {[%clk 0:45:59]}
18. a3 {[%clk 0:46:38]} h6 {[%clk 0:38:19]} 19. Be3 {[%clk 0:42:28]} Be8 {[%clk
0:35:04]} 20. Qd2 {[%clk 0:36:05]} Nh5 {[%clk 0:25:32]} 21. Be2 {[%clk
0:20:19]} Nf4 {[%clk 0:23:04]} 22. Bd1 {[%clk 0:14:28]} Bg6 {[%clk 0:19:09]}
23. Ra1 {[%clk 0:14:09]} Bh5 {[%clk 0:16:02]} 24. Nh4 {[%clk 0:13:44]} Bxd1
{[%clk 0:09:02]} 25. Qxd1 {[%clk 0:13:48]} Rf6 {[%clk 0:07:26]} 26. Qg4 {[%clk
0:09:46]} g5 {[%clk 0:06:00]} 27. g3 {[%clk 0:06:03]} Rg7 {[%clk 0:04:21]} 28.
Ng2 {[%clk 0:03:19]} h5 {[%clk 0:03:38]} 29. Qd1 {[%clk 0:03:29]} Nxh3+ {[%clk
0:03:22]} 30. Kh1 {[%clk 0:01:47]} Bxg3 {[%clk 0:02:16]} 31. fxg3 {[%clk
0:01:49]} Qxg3 {[%clk 0:02:31]} 32. Re2 {[%clk 0:01:35]} Rgf7 {[%clk 0:02:10]}
33. Qe1 {[%clk 0:01:15]} Rf1+ {[%clk 0:01:18]} 34. Qxf1 {[%clk 0:01:41]} Rxf1+
{[%clk 0:01:41]} 35. Rxf1 {[%clk 0:02:08]} g4 {[%clk 0:01:05]} 36. Rfe1 {[%clk
0:01:50]} e5 {[%clk 0:01:00]} 37. dxe5 {[%clk 0:02:07]} Nxe5 {[%clk 0:01:15]}
38. Bf4 {[%clk 0:01:08]} Nxf4 {[%clk 0:01:32]} 39. Nxf4 {[%clk 0:01:32]} Qxf4
{[%clk 0:01:45]} 40. Rxe5 {[%clk 0:01:58]} Qf3+ {[%clk 0:02:00]} 41. Kg1 {[%clk
0:00:44]} Qg3+ {[%clk 0:19:16]} 1/2-1/2

[Event "DEM U16w 2021"]
[Site "Willingen GER"]
[Date "2021.08.24"]
[Round "3"]
[White "Zöllner, Bente"]
[Black "Peglau, Mirjam"]
[Result "1/2-1/2"]
[Termination "normal"]
[Board "5"]
[WhiteElo "1620"]
[BlackElo "1906"]
[WhiteClock "00:32:15"]
[BlackClock "00:23:39"]
[PlyCount "89"]
[WhiteFideId "16230523"]
[BlackFideId "16211138"]
[EventCountry "GER"]
[EventRounds "9"]
[EventType "swiss"]
[EventDate "2021.08.22"]

1. d4 {[%clk 1:30:57]} Nf6 {[%clk 1:30:55]} 2. Nf3 {[%clk 1:31:18]} g6 {[%clk
1:31:19]} 3. c4 {[%clk 1:31:38]} Bg7 {[%clk 1:31:43]} 4. Nc3 {[%clk 1:32:00]}
O-O {[%clk 1:32:05]} 5. e4 {[%clk 1:32:18]} d6 {[%clk 1:32:25]} 6. h3 {[%clk
1:32:34]} e5 {[%clk 1:32:24]} 7. d5 {[%clk 1:32:48]} Nh5 {[%clk 1:32:37]} 8.
Be3 {[%clk 1:26:29]} a5 {[%clk 1:31:52]} 9. a3 {[%clk 1:25:27]} Bd7 {[%clk
1:22:56]} 10. b4 {[%clk 1:19:31]} f5 {[%clk 0:56:07]} 11. Bd3 {[%clk 1:14:05]}
Nf4 {[%clk 0:55:06]} 12. g3 {[%clk 1:11:15]} Nxd3+ {[%clk 0:49:00]} 13. Qxd3
{[%clk 1:01:54]} axb4 {[%clk 0:49:10]} 14. Ne2 {[%clk 0:59:16]} fxe4 {[%clk
0:47:38]} 15. Qxe4 {[%clk 0:58:20]} Bf5 {[%clk 0:46:44]} 16. Qh4 {[%clk
0:57:32]} Qxh4 {[%clk 0:46:11]} 17. Nxh4 {[%clk 0:56:18]} Be4 {[%clk 0:42:48]}
18. Rg1 {[%clk 0:53:51]} bxa3 {[%clk 0:41:38]} 19. Kd2 {[%clk 0:48:54]} Bf3
{[%clk 0:32:56]} 20. Nxf3 {[%clk 0:47:05]} Rxf3 {[%clk 0:33:25]} 21. Rgb1
{[%clk 0:42:03]} b6 {[%clk 0:32:28]} 22. Rb3 {[%clk 0:40:50]} Ra4 {[%clk
0:28:21]} 23. Raxa3 {[%clk 0:34:18]} Rxa3 {[%clk 0:17:27]} 24. Rxa3 {[%clk
0:33:31]} Bh6 {[%clk 0:14:14]} 25. Ra8 {[%clk 0:29:50]} Bxe3+ {[%clk 0:14:35]}
26. fxe3 {[%clk 0:30:11]} Rf8 {[%clk 0:15:01]} 27. Nc3 {[%clk 0:29:29]} c6
{[%clk 0:11:03]} 28. Kd3 {[%clk 0:23:52]} cxd5 {[%clk 0:07:07]} 29. Nxd5 {[%clk
0:21:52]} Nd7 {[%clk 0:06:54]} 30. Ne7+ {[%clk 0:20:11]} Kf7 {[%clk 0:06:53]}
31. Rxf8+ {[%clk 0:20:26]} Nxf8 {[%clk 0:03:58]} 32. Nc8 {[%clk 0:19:31]} Ke6
{[%clk 0:04:25]} 33. Nxb6 {[%clk 0:19:15]} Nd7 {[%clk 0:03:26]} 34. Nd5 {[%clk
0:16:55]} Nc5+ {[%clk 0:03:23]} 35. Ke2 {[%clk 0:16:02]} Ne4 {[%clk 0:03:00]}
36. g4 {[%clk 0:16:10]} h5 {[%clk 0:02:03]} 37. Ke1 {[%clk 0:12:25]} Nf6 {[%clk
0:01:02]} 38. Nxf6 {[%clk 0:10:25]} Kxf6 {[%clk 0:01:30]} 39. gxh5 {[%clk
0:06:06]} gxh5 {[%clk 0:01:55]} 40. Kf2 {[%clk 0:06:04]} Kf5 {[%clk 0:01:28]}
41. Kf3 {[%clk 0:04:11]} e4+ {[%clk 0:27:03]} 42. Kg3 {[%clk 0:32:57]} Kg5
{[%clk 0:27:07]} 43. Kf2 {[%clk 0:32:43]} Kf5 {[%clk 0:23:16]} 44. Kg3 {[%clk
0:32:04]} Kg5 {[%clk 0:23:39]} 45. Kf2 {[%clk 0:32:15]} 1/2-1/2

[Event "DEM U16w 2021"]
[Site "Willingen GER"]
[Date "2021.08.24"]
[Round "3"]
[White "Cordes, Jule"]
[Black "Hafermann, Lara"]
[Result "1/2-1/2"]
[Termination "normal"]
[Board "6"]
[WhiteElo "1790"]
[BlackElo "1349"]
[WhiteClock "00:00:31"]
[BlackClock "00:15:42"]
[PlyCount "72"]
[WhiteFideId "1060708"]
[BlackFideId "16298306"]
[EventCountry "GER"]
[EventRounds "9"]
[EventType "swiss"]
[EventDate "2021.08.22"]

1. d4 {[%clk 1:30:57]} d5 {[%clk 1:30:50]} 2. c4 {[%clk 1:31:19]} c6 {[%clk
1:31:04]} 3. Nc3 {[%clk 1:31:34]} Nf6 {[%clk 1:31:08]} 4. Nf3 {[%clk 1:31:42]}
e6 {[%clk 1:31:16]} 5. Bg5 {[%clk 1:31:49]} h6 {[%clk 1:31:14]} 6. Bh4 {[%clk
1:31:58]} dxc4 {[%clk 1:31:01]} 7. e4 {[%clk 1:32:07]} b5 {[%clk 1:30:25]} 8.
e5 {[%clk 1:31:28]} g5 {[%clk 1:30:37]} 9. Nxg5 {[%clk 1:25:01]} hxg5 {[%clk
1:30:51]} 10. Bxg5 {[%clk 1:25:19]} Nbd7 {[%clk 1:31:06]} 11. Qf3 {[%clk
1:13:41]} Bb7 {[%clk 1:27:36]} 12. exf6 {[%clk 0:57:35]} Qb6 {[%clk 1:25:14]}
13. Rd1 {[%clk 0:53:41]} O-O-O {[%clk 1:21:15]} 14. Qf4 {[%clk 0:31:48]} Nb8
{[%clk 1:10:53]} 15. h4 {[%clk 0:18:36]} c5 {[%clk 1:04:05]} 16. dxc5 {[%clk
0:09:26]} Bxc5 {[%clk 1:02:28]} 17. h5 {[%clk 0:07:59]} b4 {[%clk 0:36:02]} 18.
Rxd8+ {[%clk 0:07:12]} Rxd8 {[%clk 0:36:18]} 19. Nd1 {[%clk 0:06:33]} b3 {[%clk
0:26:33]} 20. Bxc4 {[%clk 0:02:51]} Bb4+ {[%clk 0:25:23]} 21. Ke2 {[%clk
0:01:51]} Rd2+ {[%clk 0:25:28]} 22. Qxd2 {[%clk 0:02:07]} Bxd2 {[%clk 0:25:46]}
23. Bxd2 {[%clk 0:01:40]} bxa2 {[%clk 0:25:19]} 24. Bxa2 {[%clk 0:01:18]} Qa6+
{[%clk 0:25:26]} 25. Ke1 {[%clk 0:00:59]} Qxa2 {[%clk 0:24:36]} 26. h6 {[%clk
0:01:03]} Be4 {[%clk 0:18:39]} 27. h7 {[%clk 0:01:19]} Bxh7 {[%clk 0:19:08]}
28. Rxh7 {[%clk 0:01:48]} e5 {[%clk 0:18:32]} 29. Bc3 {[%clk 0:00:47]} Qd5
{[%clk 0:18:30]} 30. Ne3 {[%clk 0:00:51]} Qe6 {[%clk 0:18:24]} 31. Rh8+ {[%clk
0:00:36]} Kb7 {[%clk 0:18:24]} 32. Rh4 {[%clk 0:00:33]} Nc6 {[%clk 0:18:24]}
33. Rh6 {[%clk 0:00:40]} Nd4 {[%clk 0:15:50]} 34. g4 {[%clk 0:00:33]} Nf3+
{[%clk 0:15:29]} 35. Kf1 {[%clk 0:00:34]} Ng5 {[%clk 0:15:42]} 36. Kg1 {[%clk
0:00:31]} Nf3+ 1/2-1/2

[Event "DEM U16w 2021"]
[Site "Willingen GER"]
[Date "2021.08.24"]
[Round "3"]
[White "Albayrak, Nese Pinar"]
[Black "Buchholz, Maja"]
[Result "0-1"]
[Termination "normal"]
[Board "7"]
[WhiteElo "1546"]
[BlackElo "1720"]
[WhiteClock "00:00:59"]
[BlackClock "00:30:26"]
[PlyCount "64"]
[WhiteFideId "16255259"]
[BlackFideId "16200500"]
[EventCountry "GER"]
[EventRounds "9"]
[EventType "swiss"]
[EventDate "2021.08.22"]

1. e4 {[%clk 1:30:58]} c5 {[%clk 1:30:56]} 2. Nf3 {[%clk 1:31:24]} Nc6 {[%clk
1:31:18]} 3. d4 {[%clk 1:31:49]} cxd4 {[%clk 1:31:43]} 4. Nxd4 {[%clk 1:32:17]}
g6 {[%clk 1:32:02]} 5. Nc3 {[%clk 1:32:42]} Bg7 {[%clk 1:32:26]} 6. Be3 {[%clk
1:33:01]} Nf6 {[%clk 1:32:45]} 7. Bc4 {[%clk 1:32:15]} O-O {[%clk 1:33:02]} 8.
Bb3 {[%clk 1:32:33]} d5 {[%clk 1:32:30]} 9. exd5 {[%clk 1:29:00]} Na5 {[%clk
1:32:34]} 10. f3 {[%clk 1:25:18]} Nxb3 {[%clk 1:30:49]} 11. Nxb3 {[%clk
1:25:34]} b5 {[%clk 1:26:33]} 12. Bc5 {[%clk 1:08:34]} Re8 {[%clk 1:16:05]} 13.
Qd2 {[%clk 1:03:02]} a5 {[%clk 1:10:24]} 14. Nxb5 {[%clk 0:53:10]} a4 {[%clk
1:04:57]} 15. N3d4 {[%clk 0:48:44]} Qxd5 {[%clk 1:01:14]} 16. Ba3 {[%clk
0:41:57]} Rd8 {[%clk 0:54:02]} 17. Rd1 {[%clk 0:27:44]} Ba6 {[%clk 0:46:25]}
18. Nc3 {[%clk 0:25:35]} Qe5+ {[%clk 0:43:59]} 19. Kf2 {[%clk 0:22:40]} Nh5
{[%clk 0:39:59]} 20. Nce2 {[%clk 0:18:40]} Bxe2 {[%clk 0:39:27]} 21. Qxe2
{[%clk 0:16:19]} Rxd4 {[%clk 0:39:28]} 22. Qxe5 {[%clk 0:12:58]} Bxe5 23. c3
{[%clk 0:11:32]} Rxd1 {[%clk 0:38:30]} 24. Rxd1 {[%clk 0:12:01]} Bxh2 {[%clk
0:35:07]} 25. Bxe7 {[%clk 0:12:10]} Re8 {[%clk 0:32:38]} 26. Bc5 {[%clk
0:06:32]} f5 {[%clk 0:30:26]} 27. b4 {[%clk 0:03:34]} axb3 {[%clk 0:29:29]} 28.
axb3 {[%clk 0:04:02]} f4 {[%clk 0:29:16]} 29. b4 {[%clk 0:03:18]} Ng3 {[%clk
0:29:21]} 30. Re1 {[%clk 0:00:34]} Bg1+ {[%clk 0:29:37]} 31. Kxg1 {[%clk
0:00:38]} Rxe1+ {[%clk 0:30:00]} 32. Kh2 {[%clk 0:00:59]} Rh1# {[%clk 0:30:26]}
0-1

[Event "DEM U16w 2021"]
[Site "Willingen GER"]
[Date "2021.08.24"]
[Round "3"]
[White "Margaryan, Susanna"]
[Black "Kalina, Lena"]
[Result "0-1"]
[Termination "normal"]
[Board "8"]
[WhiteElo "1494"]
[BlackElo "1605"]
[WhiteClock "00:41:07"]
[BlackClock "00:33:16"]
[PlyCount "66"]
[WhiteFideId "16268210"]
[BlackFideId "12988014"]
[EventCountry "GER"]
[EventRounds "9"]
[EventType "swiss"]
[EventDate "2021.08.22"]

1. d4 {[%clk 1:30:54]} Nf6 {[%clk 1:30:54]} 2. c4 {[%clk 1:31:14]} g6 {[%clk
1:31:18]} 3. Nc3 {[%clk 1:31:39]} Bg7 {[%clk 1:31:38]} 4. e3 {[%clk 1:31:47]}
O-O {[%clk 1:31:54]} 5. Nf3 {[%clk 1:31:37]} d6 {[%clk 1:32:06]} 6. Be2 {[%clk
1:31:34]} Nbd7 {[%clk 1:31:39]} 7. O-O {[%clk 1:30:04]} e5 {[%clk 1:30:56]} 8.
Qc2 {[%clk 1:29:00]} c6 {[%clk 1:25:46]} 9. b4 {[%clk 1:26:28]} Qc7 {[%clk
1:21:14]} 10. a4 {[%clk 1:25:05]} d5 {[%clk 1:15:42]} 11. Ba3 {[%clk 1:22:08]}
exd4 {[%clk 1:13:35]} 12. Nxd4 {[%clk 1:20:52]} dxc4 {[%clk 1:11:52]} 13. Bxc4
{[%clk 1:15:27]} Ng4 {[%clk 1:03:58]} 14. g3 {[%clk 1:10:30]} Qe5 {[%clk
0:56:23]} 15. h3 {[%clk 1:01:55]} Nxe3 {[%clk 0:54:16]} 16. fxe3 {[%clk
1:00:34]} Qxe3+ {[%clk 0:54:31]} 17. Kg2 {[%clk 0:59:04]} Bxd4 {[%clk 0:51:12]}
18. b5 {[%clk 0:55:52]} Qxc3 {[%clk 0:46:06]} 19. Qxc3 {[%clk 0:55:29]} Bxc3
{[%clk 0:46:29]} 20. Bxf8 {[%clk 0:52:20]} Bxa1 {[%clk 0:45:24]} 21. Bh6 {[%clk
0:49:34]} Ne5 {[%clk 0:43:27]} 22. Bb3 {[%clk 0:48:47]} Bd4 {[%clk 0:41:36]}
23. Rd1 {[%clk 0:46:46]} c5 {[%clk 0:41:40]} 24. Bd5 {[%clk 0:45:47]} Be6
{[%clk 0:40:14]} 25. Bxb7 {[%clk 0:45:21]} Rb8 {[%clk 0:39:48]} 26. Ba6 {[%clk
0:44:53]} Bd5+ {[%clk 0:38:33]} 27. Kf1 {[%clk 0:42:55]} Bc4+ {[%clk 0:38:16]}
28. Kg2 {[%clk 0:43:00]} Bb3 {[%clk 0:38:23]} 29. Rb1 {[%clk 0:42:47]} Bxa4
{[%clk 0:38:27]} 30. Bf4 {[%clk 0:42:29]} Rd8 {[%clk 0:36:37]} 31. b6 {[%clk
0:42:05]} Bc6+ {[%clk 0:36:03]} 32. Kf1 {[%clk 0:40:53]} axb6 {[%clk 0:34:39]}
33. Rxb6 {[%clk 0:41:07]} Bd7 {[%clk 0:33:16]} 0-1

[Event "DEM U16w 2021"]
[Site "Willingen GER"]
[Date "2021.08.24"]
[Round "3"]
[White "Schneider, Anna"]
[Black "Wörz, Ann-Sophie"]
[Result "0-1"]
[Termination "normal"]
[Board "9"]
[WhiteElo "1686"]
[BlackElo "1563"]
[WhiteClock "00:07:41"]
[BlackClock "00:05:49"]
[PlyCount "110"]
[WhiteFideId "16200527"]
[BlackFideId "16265890"]
[EventCountry "GER"]
[EventRounds "9"]
[EventType "swiss"]
[EventDate "2021.08.22"]

1. e4 {[%clk 1:30:58]} d5 {[%clk 1:30:53]} 2. exd5 {[%clk 1:31:23]} Qxd5 {[%clk
1:31:18]} 3. Nc3 {[%clk 1:31:48]} Qa5 {[%clk 1:31:40]} 4. d4 {[%clk 1:32:11]}
Nf6 {[%clk 1:32:04]} 5. Bc4 {[%clk 1:32:33]} Nc6 {[%clk 1:32:19]} 6. d5 {[%clk
1:28:01]} Ne5 {[%clk 1:32:25]} 7. Bb3 {[%clk 1:25:01]} Bg4 {[%clk 1:31:19]} 8.
f3 {[%clk 1:24:38]} Bd7 {[%clk 1:27:33]} 9. Qe2 {[%clk 1:19:32]} Ng6 {[%clk
1:25:45]} 10. Bd2 {[%clk 1:17:43]} Qb6 {[%clk 1:13:51]} 11. O-O-O {[%clk
1:09:52]} O-O-O {[%clk 1:08:02]} 12. Be3 {[%clk 0:57:46]} Qa5 {[%clk 0:58:50]}
13. Rd4 {[%clk 0:49:25]} Be8 {[%clk 0:41:19]} 14. Nh3 {[%clk 0:41:08]} a6
{[%clk 0:31:04]} 15. Rhd1 {[%clk 0:35:10]} b5 {[%clk 0:24:00]} 16. Bf2 {[%clk
0:29:10]} Qb6 {[%clk 0:22:13]} 17. Ng5 {[%clk 0:19:14]} h6 {[%clk 0:16:25]} 18.
d6 {[%clk 0:09:45]} c5 {[%clk 0:13:23]} 19. Nxf7 {[%clk 0:03:37]} Bxf7 {[%clk
0:10:13]} 20. Bxf7 {[%clk 0:02:30]} cxd4 {[%clk 0:09:03]} 21. Qe6+ {[%clk
0:02:13]} Kb7 {[%clk 0:05:12]} 22. dxe7 {[%clk 0:00:51]} Nxe7 {[%clk 0:03:50]}
23. Qxb6+ {[%clk 0:00:34]} Kxb6 {[%clk 0:04:19]} 24. Bxd4+ {[%clk 0:00:49]} Kb7
{[%clk 0:03:43]} 25. Bc5 {[%clk 0:00:38]} Rxd1+ {[%clk 0:03:55]} 26. Kxd1
{[%clk 0:01:02]} Nf5 {[%clk 0:03:40]} 27. Bf2 {[%clk 0:01:22]} Bb4 {[%clk
0:03:30]} 28. Ne4 {[%clk 0:01:26]} Rd8+ {[%clk 0:03:26]} 29. Kc1 {[%clk
0:01:33]} Nxe4 {[%clk 0:03:43]} 30. fxe4 {[%clk 0:01:57]} Ne7 {[%clk 0:03:17]}
31. c3 {[%clk 0:02:11]} Rf8 {[%clk 0:03:21]} 32. cxb4 {[%clk 0:02:31]} Rxf7
{[%clk 0:03:46]} 33. Bg3 {[%clk 0:02:48]} Nc6 {[%clk 0:03:41]} 34. a3 {[%clk
0:03:03]} Nd4 {[%clk 0:04:03]} 35. e5 {[%clk 0:03:20]} Ne2+ {[%clk 0:04:22]}
36. Kd2 {[%clk 0:03:34]} Nxg3 {[%clk 0:04:47]} 37. hxg3 {[%clk 0:03:56]} Re7
{[%clk 0:05:14]} 38. Ke3 {[%clk 0:04:09]} Rxe5+ {[%clk 0:05:36]} 39. Kf3 {[%clk
0:04:05]} Kc6 {[%clk 0:05:46]} 40. b3 {[%clk 0:04:12]} Kd5 {[%clk 0:05:46]} 41.
g4 {[%clk 0:04:26]} Kd4 {[%clk 0:06:03]} 42. a4 {[%clk 0:04:46]} bxa4 {[%clk
0:06:26]} 43. bxa4 {[%clk 0:05:08]} Kc4 {[%clk 0:06:49]} 44. b5 {[%clk
0:05:30]} axb5 {[%clk 0:07:13]} 45. axb5 {[%clk 0:05:51]} Rxb5 {[%clk 0:07:24]}
46. Kf4 {[%clk 0:06:14]} Kd3 {[%clk 0:07:31]} 47. g3 {[%clk 0:06:31]} g5+
{[%clk 0:05:50]} 48. Kf3 {[%clk 0:06:49]} Rb1 {[%clk 0:05:43]} 49. Kf2 {[%clk
0:06:25]} Ke4 {[%clk 0:05:16]} 50. Kg2 {[%clk 0:06:38]} Rb2+ {[%clk 0:05:34]}
51. Kh3 {[%clk 0:07:03]} Rb1 {[%clk 0:05:05]} 52. Kg2 {[%clk 0:07:14]} Ke3
{[%clk 0:05:23]} 53. Kh3 {[%clk 0:07:06]} Kf2 {[%clk 0:05:22]} 54. Kh2 {[%clk
0:07:28]} Kf3 {[%clk 0:05:49]} 55. Kh3 {[%clk 0:07:41]} Rh1# 0-1